000
00318nam a22001457a 4500
003
SGT
082
_a
510,PUN
100
_a
PUNDIR,SUDHIR K
245
_a
FUZZY SETS AND THEIR APPLICATIONS
250
_a
1ST
260
_a
MEERUT
_b
PRAGATI PRAKASHAN
_c
2016
300
_a
440
650
_a
MATHEMATICS
942
_2
ddc
_c
FPS
999
_c
10020
_d
10020